Graphic Novel by Cover Quiz Stats

 Plays Quiz not verified by Sporcle

Score 0/18 Timer 06:00
0 Plays Today
% Correct
Batman: The Killing Joke
94.1%
Smile
88.3%
Hellboy
87.3%
Y: The Last Man
84.7%
The Walking Dead
82.7%
Maus
82.5%
Preacher
82%
Watchmen
79.9%
Scott Pilgrim
79.6%
% Correct
Locke & Key
79.5%
The Sandman
74.8%
American Born Chinese
74.4%
Akira
69.3%
WE3
65.2%
Fables
60.6%
A Contract with God
59.4%
Ghost World
51.2%
The Wicked + the Divine
48.2%

You're not logged in!

Compare scores with friends on all Sporcle quizzes.
OR
Log In

Sporcle TV

Today on Sporcle TV


Watch our educational content, quiz creation guides, and fun videos on Sporcle TV.

Show Comments

Extras

Top Quizzes Today


Score Distribution

Your Account Isn't Verified!

In order to create a playlist on Sporcle, you need to verify the email address you used during registration. Go to your Sporcle Settings to finish the process.

Report this User

Report this user for behavior that violates our Community Guidelines.

Details: